| History - European | 0 | 11 | 3 | 0 | 95 | 28 | 82.64 | 3 | 9 | 0.00 | 0.00 |
| History - American | 0 | 8 | 0 | 0 | 80 | 64 | 79.25 | 3 | 6 | 0.00 | 0.00 |
| History - World | 0 | 8 | 0 | 1 | 80 | 14 | 87.38 | 3 | 6 | 0.00 | 0.00 |
| History - Other | 0 | 8 | 2 | 0 | 70 | 38 | 66.88 | 3 | 8 | 0.00 | 0.00 |
| Social Science - Economics | 0 | 3 | 0 | 0 | 30 | 38 | 76.33 | 2 | 2 | 0.00 | 0.00 |
| Art - Painting/Sculpture | 0 | 2 | 0 | 1 | 20 | 108 | 123.50 | 0 | 0 | 0.00 | 0.00 |
| Religion - Christianity/Judaism | 0 | 2 | 0 | 0 | 20 | 113 | 121.50 | 0 | 0 | 0.00 | 0.00 |
| Religion - Islam | 0 | 2 | 1 | 0 | 15 | 78 | 98.50 | 1 | 2 | 0.00 | 0.00 |
| Literature - European any | 0 | 1 | 0 | 0 | 10 | 99 | 99.00 | 0 | 1 | 0.00 | 0.00 |
| Literature - European long fiction | 0 | 1 | 0 | 0 | 10 | 107 | 107.00 | 0 | 1 | 0.00 | 0.00 |
| Literature - World/Misc long fiction | 0 | 1 | 0 | 0 | 10 | 63 | 63.00 | 0 | 1 | 0.00 | 0.00 |
| Mythology - Norse | 0 | 1 | 0 | 0 | 10 | 100 | 100.00 | 1 | 1 | 0.00 | 0.00 |
| Philosophy - Enlightenment | 0 | 1 | 0 | 0 | 10 | 124 | 124.00 | 0 | 0 | 0.00 | 0.00 |
| Art - Music/Opera | 0 | 1 | 0 | 0 | 10 | 56 | 56.00 | 1 | 1 | 0.00 | 0.00 |
| Art - Visual | 0 | 1 | 0 | 0 | 10 | 103 | 103.00 | 0 | 0 | 0.00 | 0.00 |
| Current Events/Modern World - Rest of world political | 0 | 1 | 0 | 0 | 10 | 32 | 32.00 | 1 | 1 | 0.00 | 0.00 |
| Current Events/Modern World - Rest of world social | 0 | 1 | 0 | 0 | 10 | 82 | 82.00 | 0 | 0 | 0.00 | 0.00 |
| Current Events/Modern World - Western political | 0 | 1 | 0 | 0 | 10 | 90 | 90.00 | 0 | 0 | 0.00 | 0.00 |
| Geography - Europe | 0 | 1 | 0 | 0 | 10 | 81 | 81.00 | 0 | 1 | 0.00 | 0.00 |
| Geography - Non-U.S. Americas | 0 | 1 | 0 | 0 | 10 | 112 | 112.00 | 0 | 1 | 0.00 | 0.00 |
| Literature - British short fiction | 0 | 1 | 0 | 0 | 10 | 78 | 78.00 | 0 | 1 | 0.00 | 0.00 |
| Philosophy - Pre-20th | 0 | 1 | 0 | 0 | 10 | 131 | 131.00 | 0 | 1 | 0.00 | 0.00 |
| Science - Astronomy | 0 | 1 | 0 | 0 | 10 | 89 | 89.00 | 0 | 0 | 0.00 | 0.00 |
| Social Science - IR | 0 | 1 | 0 | 0 | 10 | 131 | 131.00 | 0 | 0 | 0.00 | 0.00 |
| Social Science - Law | 0 | 1 | 0 | 0 | 10 | 90 | 90.00 | 1 | 1 | 0.00 | 0.00 |
| Social Science - Mixed/Any | 0 | 1 | 0 | 0 | 10 | 105 | 105.00 | 0 | 1 | 0.00 | 0.00 |
| Social Science - Sociology | 0 | 1 | 0 | 0 | 10 | 113 | 113.00 | 0 | 0 | 0.00 | 0.00 |
| Philosophy - 20th century | 0 | 1 | 1 | 0 | 5 | 119 | 119.00 | 0 | 0 | 0.00 | 0.00 |
| Philosophy - Mixed/Any | 0 | 1 | 1 | 0 | 5 | 38 | 38.00 | 1 | 1 | 0.00 | 0.00 |
| Social Science - Anthropology | 0 | 0 | 1 | 0 | -5 | | 0.00 | 0 | 0 | 0.00 | 0.00 |
| Science - Chemistry | 0 | 0 | 1 | 0 | -5 | | 0.00 | 0 | 0 | 0.00 | 0.00 |
| Mythology - Greco/Roman | 0 | 0 | 1 | 0 | -5 | | 0.00 | 0 | 0 | 0.00 | 0.00 |
| Geography - Oceania/Pacific | 0 | 0 | 1 | 0 | -5 | | 0.00 | 0 | 0 | 0.00 | 0.00 |
| Religion - Mixed/Any | 0 | 0 | 2 | 0 | -10 | | 0.00 | 0 | 0 | 0.00 | 0.00 |